书目信息 |
| 题名: |
数字动画设计艺术
|
|
| 作者: | 严晨 , 吕悦宁 编著 | |
| 分册: | ||
| 出版信息: | 北京 机械工业出版社 2004.08 |
|
| 页数: | 248页 | |
| 开本: | 26cm | |
| 丛书名: | ||
| 单 册: | ||
| 中图分类: | J2 , J2 | |
| 科图分类: | ||
| 主题词: | 数据技术--Shu Ju Ji Shu--应用--绘画--高等学校--教材 , 网页--Wang Ye--动画--图形软件--高等学校--教材 , 绘画 | |
| 电子资源: | ||
| ISBN: | 7-111-14935-1 | |
| 000 | 01066cam0 2200337 45 | |
| 001 | 1337 | |
| 005 | 20050603105714.96 | |
| 010 | @a7-111-14935-1@dCNY 28.00 | |
| 092 | @b02-685-237 | |
| 099 | @aCAL 012004102068 | |
| 100 | @a20040827d2004 em y0chiy0121 ea | |
| 101 | 0 | @achi |
| 102 | @aCN@b110000 | |
| 105 | @aaf a 000yy | |
| 200 | 1 | @a数字动画设计艺术@AShu Zi Dong Hua She Ji Yi Shu@f严晨编著@Fyan chen bian zhu |
| 210 | @a北京@c机械工业出版社@d2004.08 | |
| 215 | @a248页@c图 (部分彩图)@d26cm | |
| 320 | @a有书目 | |
| 330 | @a本书介绍使用Flash MX 2004进行数字动画艺术设计的相关内容。全书分为基础篇、动画篇、实例篇三部分内容。 | |
| 333 | @a21世纪高等院校数字艺术设计系列教材 | |
| 606 | 0 | @a数据技术@AShu Ju Ji Shu@x应用@x绘画@x高等学校@j教材 |
| 606 | 0 | @a网页@AWang Ye@x动画@x图形软件@x高等学校@j教材 |
| 606 | 0 | @a绘画 |
| 690 | @aJ2@v4 | |
| 690 | @aJ2@v3 | |
| 701 | 0 | @a严晨@AYan Chen@4编著 |
| 701 | 0 | @a吕悦宁@ALv Yue Ning@4编著 |
| 801 | 0 | @aCN@bJG@c20050603 |
| 905 | @a10447@dJ2@eY048 | |
| 906 | @dCNY28.00@n0@r1 | |
| 998 | @aBJP | |
| 数字动画设计艺术/严晨编著.-北京:机械工业出版社,2004.08 |
| 248页:图 (部分彩图);26cm |
| 使用对象:21世纪高等院校数字艺术设计系列教材 |
| ISBN 7-111-14935-1:CNY 28.00 |
| 本书介绍使用Flash MX 2004进行数字动画艺术设计的相关内容。全书分为基础篇、动画篇、实例篇三部分内容。 |
| ● |
| 相关链接 |
|
|
|
正题名:数字动画设计艺术
索取号:J2/Y048
 
预约/预借
| 序号 | 登录号 | 条形码 | 馆藏地/架位号 | 状态 | 备注 |
| 1 | 530028 | 205300280 | 社科库309/309社科库 66排4列4层/ [索取号:J2/Y048] | 在馆 | |
| 2 | 530029 | 205300299 | 社科库309/309社科库 66排4列4层/ [索取号:J2/Y048] | 在馆 | |
| 3 | 530030 | 205300306 | 自科二线404/404自科库 16排5列1层/ [索取号:J2/Y048] | 在馆 | |
| 4 | 530031 | 205300315 | 自科二线404/404自科库 17排4列5层/ [索取号:J2/Y048] | 在馆 |